|
|
|
|
| LEADER |
02713nam a2200589 a 4500 |
| 001 |
mzk03001223143 |
| 003 |
CZ BrMZK |
| 005 |
20151029092932.0 |
| 007 |
ta |
| 008 |
151029s1682 gw f |||| 0 ger d |
| 040 |
|
|
|a BOA001
|b cze
|
| 041 |
0 |
|
|a ger
|a lat
|
| 072 |
|
7 |
|a 27-46/-48
|x Pastorální teologie
|2 Konspekt
|9 5
|
| 072 |
|
7 |
|a 094
|x Staré tisky
|2 Konspekt
|9 12
|
| 080 |
|
|
|a 27-46
|2 MRF
|
| 080 |
|
|
|a 27-475.5
|2 MRF
|
| 080 |
|
|
|a 27-36
|2 MRF
|
| 080 |
|
|
|a 27-562/-565
|2 MRF
|
| 080 |
|
|
|a 025.171
|2 MRF
|
| 080 |
|
|
|a (0:82-5)
|2 MRF
|
| 080 |
|
|
|a (0.068)094
|2 MRF
|
| 100 |
1 |
|
|a Schilling, Florentius,
|d 1602-1670
|7 mzk2009511175
|4 aut
|
| 245 |
1 |
0 |
|a TERRA VIVENTIUM, Das Land der Lebendigen. Das ist: Feyertag- und Fest-Predigen von den Heiligen Gottes /
|c Aus den Predigen und Predig-Schrifften des in Gott ruhenden Patris Schilling zusammen getragen und vermehrt Durch P. Don CONSTANTIUM ARZONNI, Regulirten Priester des H. Apostels Pauli, und Prediger
|
| 260 |
|
|
|a Sultzbach :
|b In Verlegung Johann Hoffmann, Kunst- und Buchhändlers in Nürnberg,
|c 1682
|f (Gedruckt bey Abraham Lichtenthaler)
|
| 300 |
|
|
|a [26], 639 s., [1] příl. ;
|c 4°
|
| 500 |
|
|
|a Výzdoba: Mědirytinový frontispis (ve vrchní části postavy Boha Otce a Krista, pod nimi zástupy světců ; Hipschman scul.), vlysy a linky z typografických ozdob, iniciály, viněty
|
| 501 |
|
|
|a Přívazek k: P. Don FLORENTII Schilling Feyertag-Predigen Ander Theil, Das ist: COLLEGIUM APOSTOLICUM, ... / Florentius Schilling
|
| 546 |
|
|
|a V německém textu latinské pasáže
|
| 650 |
|
7 |
|a pastorální teologie
|7 ph123991
|2 czenas
|
| 650 |
|
7 |
|a kázání
|7 ph122077
|2 czenas
|
| 650 |
|
7 |
|a křesťanští světci
|7 ph115082
|2 czenas
|
| 650 |
|
7 |
|a křesťanské svátky
|7 ph115071
|2 czenas
|
| 650 |
|
7 |
|a historické knihovní fondy
|7 ph172933
|2 czenas
|
| 653 |
0 |
|
|a kázání sváteční
|
| 655 |
|
7 |
|a kázání
|7 fd131846
|2 czenas
|
| 655 |
|
7 |
|a staré tisky
|7 fd422076
|2 czenas
|
| 700 |
1 |
|
|a Arzonni, Constantius,
|d činný 1673-1690
|7 ola2008481201
|4 oth
|
| 700 |
1 |
|
|a Hipschmann, Sigmund Gabriel,
|d 1639-
|7 ola2010578987
|4 egr
|
| 903 |
|
|
|a RP
|
| 910 |
|
|
|e BOE950
|c R - C. II. ff. 3,přív.
|
| 978 |
|
|
|b Hoffmann, Johann - dílna
|a Nürnberg
|c 1682
|
| 978 |
|
|
|b Hoffmann, Johann - dílna
|a Sulzbach
|c 1682
|
| 978 |
|
|
|b Lichtenthaler, Abraham
|a Sultzbach
|c 1682
|
| 978 |
|
|
|b Lichtenthaler, Abraham
|a Nürnberg
|c 1682
|
| 984 |
|
|
|a Norimberk
|b Německo
|
| 984 |
|
|
|a Sulzbach
|b Německo
|
| 985 |
|
|
|a 1651-1700
|
| 990 |
|
|
|a BK
|
| 996 |
|
|
|e BOE950
|c R - C. II. ff. 3,přív.
|
| 991 |
|
|
|k rajhrad
|
| 980 |
|
|
|p BN 11667 ; BNr. 2971
|
| 994 |
|
|
|a UP
|l MZK03
|b 001223136
|m přívazek
|n záznam 1. díla (pro objednání pokračujte kliknutím)
|